000 00477nam a2200181Ia 4500
001 14290
005 20260306164903.0
008 260306t2008||||xx |||||||||||||| ||spa||
041 _aESP
082 _a511.3
_bE367
100 _aEpstein, Richard L.
_eAUT
245 0 _aComputability:
_bcomputable functions, logic, and the foundations of mathematics
260 _c2008
300 _a370 páginas :
_c24 cm.
650 _aGEN
654 _aCMA
942 _cLIB
_dJUS
_fJUS
_2ddc
_n
999 _c14290
_d14290